| 000 | 01097nam a2200265 a 4500 | ||
|---|---|---|---|
| 001 | BRCA_6382 | ||
| 005 | 20190320205431.0 | ||
| 008 | 300811s1907----gw-#######---#000-0#eng-# | ||
| 041 | _aeng | ||
| 044 | _agw | ||
| 050 | 4 |
_aPZ3 _b.B75 1 1907 |
|
| 100 | 1 |
_aTwain, Mark _d1835-1910 _q(Samuel L. Clemens) _914927 |
|
| 245 | 1 | 0 |
_aChristian Science _bwith notes containing corrections to date _cby Mark Twain. |
| 260 |
_aLeipzig, Alemania _bBernhard Tauchnitz _c1907 |
||
| 300 |
_a287 p. _c17 cm. |
||
| 440 | 0 |
_aCollection of British authors. Tauchnitz edition _vv. 3979 _915971 |
|
| 500 | _aContiene al final: lista completa de la Colección de Autores Británicos y Estadounidenses, 31 p. | ||
| 500 | _aEstado físico: libro intonso con encuadernación rústica, presenta lomo deteriorado de la parte inferior | ||
| 500 | _aEjemplar igual a L32. Ver también H144, L2, L15, L16, L17, L18, L19, L20, L22, L23, L24, L25, L26, L27, L166, N9, N11, N12, N13 y N17 | ||
| 500 | _aCEF6 | ||
| 650 | 1 | 4 |
_aCiencia cristiana _915972 |
| 650 | 1 | 4 |
_aLiteratura inglesa _915973 |
| 902 | _aGFM | ||
| 942 |
_2lcc _cB |
||
| 999 |
_c6068 _d6068 |
||